000 00455pab a2200169 454500
008 180718b2002 xxu||||| |||| 00| 0 eng d
100 _aGaba, Ashok Kumar
245 _aEmployment prospects of distance education in India: a case study of IGNOU graduates
260 _c2002
300 _ap.106-10
362 _a28 Jan
650 _aCase studies
650 _aEducation
650 _aDistance education
773 _aUniversity News
909 _a51513
999 _c51513
_d51513